ՀՀ Գիտությունների ազգային ակադեմիայի հիմնարար գիտական գրադարան  =   Fundamental Scientific Library of NAS RA

Մայրենի լեզու : (Record no. 102554)

MARC details
000 -LEADER
fixed length control field 00866nam a2200229 u 4500
001 - CONTROL NUMBER
control field 000280492
003 - CONTROL NUMBER IDENTIFIER
control field AM-YeHGA
005 - DATE AND TIME OF LATEST TRANSACTION
control field 20250618071835.0
008 - FIXED-LENGTH DATA ELEMENTS--GENERAL INFORMATION
fixed length control field 031010s1963 ai r 000 0 arm d
040 ## - CATALOGING SOURCE
Original cataloging agency AM-YeHGA
041 0# - LANGUAGE CODE
Language code of text/sound track or separate title arm
090 ## - LOCALLY ASSIGNED LC-TYPE CALL NUMBER (OCLC); LOCAL CALL NUMBER (RLIN)
-- 103873
100 1# - MAIN ENTRY--PERSONAL NAME
Personal name Տեր-Գրիգորյան, Աշոտ Երեմի,
Dates associated with a name 1927-1988
9 (RLIN) 2455
245 10 - TITLE STATEMENT
Title Մայրենի լեզու :
Remainder of title Դասագիրք 2-րդ դաս. համար /
Statement of responsibility, etc. Ա.Ե. Տեր-Գրիգորյան, Ս.Խ. Օհանյան, Ն.Դ. Մազմանյան.
250 ## - EDITION STATEMENT
Edition statement 7-րդ հրատ.
260 ## - PUBLICATION, DISTRIBUTION, ETC.
Place of publication, distribution, etc. Երևան :
Name of publisher, distributor, etc. Հայպետուսմանկհրատ,
Date of publication, distribution, etc. 1963.
300 ## - PHYSICAL DESCRIPTION
Extent 228 էջ :
Other physical details նկ. ;
Dimensions 23 սմ.
650 14 - SUBJECT ADDED ENTRY--TOPICAL TERM
Topical term or geographic name entry element Հայոց լեզու
650 14 - SUBJECT ADDED ENTRY--TOPICAL TERM
Topical term or geographic name entry element Մայրենի լեզու
9 (RLIN) 4523
700 1# - ADDED ENTRY--PERSONAL NAME
Personal name Օհանյան, Սուրեն Խուրշուդի
700 1# - ADDED ENTRY--PERSONAL NAME
Personal name Մազմանյան, Նազիկ Դավթի
Holdings
Withdrawn status Lost status Damaged status Not for loan Collection Home library Current library Date acquired Total checkouts Full call number Barcode Date last seen Cost, replacement price Price effective from Koha item type Public note
        General Fundamental Scientific Library Fundamental Scientific Library 22/12/2016   AII/25865 220025865 22/12/2016 20.00 22/12/2016 Գրքեր / Books 30 Days Loan


ՀՀ ԳԱԱ հիմնարար գիտական գրադարան
ՀՀ,Երևան 0019
Մարշալ Բաղրամյան 24/6
հեռախոս:(374-10) 52-47-50
Հետադարձ կապ

All site content, except where otherwise noted, is licensed under a
Creative Commons License